Normal view MARC view
  • PROJECT SUPERVISORS DR. MUWAHIDA LIAQUAT MADAM SOBIA HAYEE

Entry Personal Name

Number of records used in: 1

001 - CONTROL NUMBER

  • control field: 71319

003 - CONTROL NUMBER IDENTIFIER

  • control field: NUST

005 - DATE AND TIME OF LATEST TRANSACTION

  • control field: 20210628204624.0

008 - FIXED-LENGTH DATA ELEMENTS

  • fixed length control field: 210628|| aca||aabn | a|a d

040 ## - CATALOGING SOURCE

  • Original cataloging agency: NUST
  • Transcribing agency: NUST

100 ## - HEADING--PERSONAL NAME

  • Personal name: PROJECT SUPERVISORS DR. MUWAHIDA LIAQUAT MADAM SOBIA HAYEE

670 ## - SOURCE DATA FOUND

  • Source citation: Work cat.: (NUST): NC MOBEEN IQBAL NC FAHAD BIN NASIR 71318, PR-SOF-1760-LOW COST DIGITAL STEREO VISION CAMERA, 2018
© 2023 Central Library, National University of Sciences and Technology. All Rights Reserved.